| 000 | 00317nam a22001337a 4500 | ||
|---|---|---|---|
| 020 | _qHB. | ||
| 040 | _cFIZZA ISHAQ | ||
| 082 |
_a628.168 _bPRA |
||
| 100 |
_aKUMAR,PRASHANT. _956939 |
||
| 245 |
_aGROUNDWATER VULNERABILITY _cPRASHANT KUMAR. |
||
| 260 |
_aCRC PRESS ; _c2020. |
||
| 300 | _a103 P. ; | ||
| 942 |
_2ddc _cBK |
||
| 999 |
_c588869 _d588869 |
||